| 000 | 01233naa a2200325 c 4500 | ||
|---|---|---|---|
| 001 | 49176 | ||
| 999 |
_c49176 _d49176 |
||
| 003 | ES-MaCES | ||
| 005 | 20170410173246.0 | ||
| 008 | 170410s2017 sp ||||| t||||||| ||spa d | ||
| 040 |
_aES-MaCES _bspa _cES-MaCES _dES-MaCES |
||
| 100 | 1 |
_938005 _aMuñoz Martínez, César |
|
| 245 | 1 | 3 |
_aEl papel de las infraestructuras públicas en la dinamización social _b: La red de alta velocidad en españa _cCésar Muñoz Martínez |
| 500 | _aResumen | ||
| 504 | _aBibliografía: p. 123-126 | ||
| 650 | 4 |
_928025 _ainfraestructura |
|
| 650 | 4 |
_927231 _aobras públicas |
|
| 650 | 4 |
_928030 _ared ferroviaria |
|
| 650 | 4 |
_928053 _atransporte ferroviario |
|
| 650 | 4 |
_931119 _atren de alta velocidad |
|
| 650 | 4 |
_929186 _adesarrollo regional |
|
| 650 | 4 |
_928148 _ainversiones públicas |
|
| 650 | 4 |
_930743 _acohesión social |
|
| 650 | 4 |
_930648 _alucha contra la pobreza |
|
| 650 | 4 |
_930785 _adesarrollo sostenible |
|
| 650 | 4 |
_927288 _aconsecuencias sociales |
|
| 653 | 1 | 0 | _aAsuntos Sociales |
| 773 | 0 |
_985685 _dMadrid (Fuencarral, 127, 28010) Fundación Sistema _o088583 _tSistema _w(ES-MaCES)25730 _gn. 245 (en. 2017) {10278 R. 088583} ;p. 109-126 |
|
| 902 | _aART Artículo de revista | ||
| 942 |
_2CES _cAR _h3.3. |
||